Loreto College Library, Kolkata
WEBOPAC (ONLINE PUBLIC ACCESS CATALOGUE)

American poetry since 1945 (Record no. 11627)

MARC details
000 -LEADER
fixed length control field 00580nam a2200193Ia 4500
005 - DATE AND TIME OF LATEST TRANSACTION
control field 20221202123437.0
008 - FIXED-LENGTH DATA ELEMENTS--GENERAL INFORMATION
fixed length control field 131103s9999 xx 000 0 und d
040 ## - CATALOGING SOURCE
Original cataloging agency Loreto College
041 ## - LANGUAGE CODE
Language code English
082 ## - DDC | ডিউই
Classification number | বর্গসংখ্যা 811.09
Book Number | গ্রন্থাঙ্ক STE
100 ## - MAIN ENTRY--PERSONAL NAME | মুখ্য সংলেখ - ব্যাক্তিনাম
Personal name | ব্যাক্তিনাম Stepanchev,Stephen
245 ## - TITLE STATEMENT | অাখ্যা বিবরণী
Title | অাখ্যা American poetry since 1945
Sub title | উপঅাখ্যা a critical survey
Statement of responsibility | লেখকের দায়িত্বের বিবরণ Stephen Stepanchev
260 ## - IMPRINT | প্রকাশনা ক্ষেত্র
Place of publication | প্রকাশ স্থান New York
Name of publisher | প্রকাশকের নাম Harper & Row
Date of publication | প্রকাশ কাল c 1965
300 ## - PHYSICAL DESCRIPTION |
Page / Vol. No | পৃষ্ঠা / খন্ড সংখ্যা 216 p.
504 ## - BIBLIOGRAPHY, ETC. NOTE
Bibliography, etc Includes bibliographical references and index
650 ## - SUBJECT ADDED ENTRY--TOPICAL TERM | বিষয় শিরোনাম - মূল বিষয়
Topical term | মূল বিষয় American Poetry - History and Criticism,Since 1945
850 ## - HOLDING INSTITUTION
Holding institution LCLIB
942 ## - ADDED ENTRY ELEMENTS (KOHA)
Koha item type Books
Holdings
Withdrawn status Lost status Source of classification Damaged status Not for loan Home library Current library Date acquired Total Checkouts Full call number Accession No. Date last seen Price effective from Koha item type Coded location qualifier
    Dewey Decimal Classification     Loreto College Loreto College 04/11/2013   811.09 STE 20981 B11534 04/11/2013 04/11/2013 Books